CHRISTIAN FAITH AND ITS CULTURAL EXPRESSION (Record no. 28616)

MARC details
000 -LEADER
fixed length control field 00425nam a2200133Ia 4500
008 - FIXED-LENGTH DATA ELEMENTS--GENERAL INFORMATION
fixed length control field 211109s9999||||xx |||||||||||||| ||und||
082 ## - DEWEY DECIMAL CLASSIFICATION NUMBER
Classification number 230
Item number CLE-C
100 ## - MAIN ENTRY--PERSONAL NAME
Personal name Clendenin, John C
245 #0 - TITLE STATEMENT
Title CHRISTIAN FAITH AND ITS CULTURAL EXPRESSION
260 ## - PUBLICATION, DISTRIBUTION, ETC.
Name of publisher, distributor, etc. Mcgraw-Hill Book Company
Place of publication, distribution, etc. New York
Date of publication, distribution, etc. 2008
630 ## - SUBJECT ADDED ENTRY--UNIFORM TITLE
General subdivision General Stack
650 ## - SUBJECT ADDED ENTRY--TOPICAL TERM
Topical term or geographic name entry element Christian theology
942 ## - ADDED ENTRY ELEMENTS (KOHA)
Koha item type BOOK
650 ## - SUBJECT ADDED ENTRY--TOPICAL TERM
Form subdivision ChristianityCatholic Churchjesus christ
General subdivision Generalia
Holdings
Withdrawn status Lost status Damaged status Not for loan Home library Current library Date acquired Cost, normal purchase price Total Checkouts Full call number Barcode Shelving location Date last seen Price effective from Koha item type
        SB LIBRARY SB LIBRARY 09/11/2021 100.00   230 CLE-C 00029447 GENERAL STACK 09/11/2021 09/11/2021 BOOK

Powered by Koha